00326nam a2200133Ia 4500008004100000020001800041041000800059082001600067100001800083245002800101250000600129260004500135300001200180210716s2006 xx 000 0 und d a9780195647341 aeng a338.54 SENA aSen, Amartya. aOn economic inequality. a1 aNew DelhibOxford University Pressc2006 axii,260